| 000 | 00838nam a22002177a 4500 | ||
|---|---|---|---|
| 999 |
_c16585 _d16585 |
||
| 003 | AR-CdUCM | ||
| 008 | 190503b ||||| |||| 00| 0 spa d | ||
| 040 |
_aMUNICIPALIDAD PROVINCIAL DEL CUSCO _cBIBLIOTECA MUNICIPAL DEL CUSCO |
||
| 082 |
_a371.1 / _bCH53 |
||
| 100 |
_aChilds, John L. _936104 |
||
| 245 |
_aPragmatismo y educación : _bSu interpretación y critica / |
||
| 260 |
_aBuenos Aires : _bNova, _c1956. |
||
| 300 |
_a346 páginas ; _c24 cm. |
||
| 505 | _aContenido : La reconstrucción pragmática en filosofía y educación -- Las raíces culturales del pragmatismo -- El método experimental y la enseñanza de los jóvenes ... | ||
| 650 |
_aPragmatismo _923348 |
||
| 650 |
_aFilosofía _9395 |
||
| 650 |
_aEducación _9460 |
||
| 700 |
_aOssorio, Josefina _936105 |
||
| 942 |
_2ddc _cLIBROS |
||
| 945 |
_arah _d03/05/2019 |
||